Песни донских и кубанских казаков (Запись № 10896167)

Подробности
000 -МАРКЕР
контрольное поле 02891ncm0a2200529 4500
001 - ИДЕНТИФИКАТОР ЗАПИСИ
контрольное поле RU\NLR\ONIZ\224493
005 - ИДЕНТИФИКАТОР ВЕРСИИ
контрольное поле 20260204000000.0
035 ## - ДРУГИЕ СИСТЕМНЫЕ НОМЕРА
Идентификатор записи (NLR Aleph) 011903561
071 20 - ИЗДАТЕЛЬСКИЙ НОМЕР
Номер, присвоенный агентством М. 15504 Г.
100 ## - ДАННЫЕ ОБЩЕЙ ОБРАБОТКИ
Данные общей обработки 20181119d1937 u y0rusy50 ca
101 0# - ЯЗЫК РЕСУРСА
Язык текста, звукозаписи и т.д. русский
102 ## - СТРАНА ПУБЛИКАЦИИ ИЛИ ПРОИЗВОДСТВА
Страна публикации российская федерация
125 ## - ПОЛЕ КОДИРОВАННЫХ ДАННЫХ: ЗВУКОЗАПИСИ И НОТНЫЕ ИЗДАНИЯ
Форма изложения нотного текста mx
Несколько форм изложения нотного текста x
135 ## - ПОЛЕ КОДИРОВАННЫХ ДАННЫХ: ЭЛЕКТРОННЫЕ РЕСУРСЫ
Кодированные данные для электронного ресурса crmn mmmanaba
145 0# - ПОЛЕ КОДИРОВАННЫХ ДАННЫХ: СРЕДСТВО ИСПОЛНЕНИЯ МУЗЫКАЛЬНОГО ПРОИЗВЕДЕНИЯ (УСТАРЕВШЕЕ)
Тип средства исполнения u
200 1# - ЗАГЛАВИЕ И СВЕДЕНИЯ ОБ ОТВЕТСТВЕННОСТИ
Основное заглавие Песни донских и кубанских казаков
Общее обозначение материала Ноты
Сведения, относящиеся к заглавию [для хора без сопровождения, с сопровождением фортепиано]
Первые сведения об ответственности составители: Сергей Бугославский и Иван Шишов
210 ## - ПУБЛИКАЦИЯ, РАСПРОСТРАНЕНИЕ И ДР.
Место издания, распространения и т.д. Москва
Имя издателя, распространителя и т. д. Музгиз
Дата издания, распространения и т.д. 1937
215 ## - ФИЗИЧЕСКАЯ ХАРАКТЕРИСТИКА
Специфическое обозначение материала и объем 109, [1] с.
Размеры 26 см
300 ## - ОБЩИЕ ПРИМЕЧАНИЯ
Текст примечания На с. 5: предисл. сост.
313 ## - ПРИМЕЧАНИЯ, ОТНОСЯЩИЕСЯ К ТЕМАТИЧЕСКОМУ ДОСТУПУ
Текст примечания Систематизация документа проведена по изданию - Методика классифицирования музыкальных произведений (нотных изданий) по таблицам Библиотечно-библиографических классификаций : метод. рекомендации / Гос. б-ка СССР им. В.И. Ленина.- М., 1977. Индексу ББК методических рекомендаций присваивается код ББК для научных библиотек - LBC/SL
325 ## - ПРИМЕЧАНИЕ О КОПИИ
Текст примечания Копия доступна в Электрон. б-ке РНБ
606 1# - НАИМЕНОВАНИЕ ТЕМЫ КАК ПРЕДМЕТ
Наименование темы Казачьи песни
Географический подзаголовок Россия
Код системы nlr_sh
606 1# - НАИМЕНОВАНИЕ ТЕМЫ КАК ПРЕДМЕТ
Наименование темы Русский музыкальный фольклор. Песни
Код системы nlr_sh
606 1# - НАИМЕНОВАНИЕ ТЕМЫ КАК ПРЕДМЕТ
Наименование темы Фольклор донких казаков
Код системы nlr_sh
606 1# - НАИМЕНОВАНИЕ ТЕМЫ КАК ПРЕДМЕТ
Наименование темы Фольклор кубанских казаков
Код системы nlr_sh
686 ## - ИНДЕКСЫ ДРУГИХ КЛАССИФИКАЦИЙ
Индекс Щ92(2Р=Рус)-451
Издание LBC/SL
Код системы
686 ## - ИНДЕКСЫ ДРУГИХ КЛАССИФИКАЦИЙ
Индекс Щ92(2Р=Рус)-412
Издание LBC/SL
Код системы
686 ## - ИНДЕКСЫ ДРУГИХ КЛАССИФИКАЦИЙ
Индекс Щ92(2Р=Рус)-415
Издание LBC/SL
Код системы
700 #1 - ИМЯ ЛИЦА - ПЕРВИЧНАЯ ОТВЕТСТВЕННОСТЬ
Системный номер авторитетной/нормативной записи z01790
Начальный элемент ввода Бугославский
Часть имени, кроме начального элемента ввода С. А.
Даты 1888-1945
Расширение инициалов личного имени Сергей Алексеевич
Код отношения Составитель
Графика поля Кириллица
701 #1 - ИМЯ ЛИЦА - АЛЬТЕРНАТИВНАЯ ОТВЕТСТВЕННОСТЬ
Системный номер авторитетной/нормативной записи z02790
Начальный элемент ввода Шишов
Часть имени, кроме начального элемента ввода И. П.
Даты 1888-1947
Расширение инициалов личного имени Иван Петрович
Код отношения Составитель
Графика поля Кириллица
790 #1 - ИМЯ ЛИЦА - АЛЬТЕРНАТИВНАЯ ФОРМА
Системный номер авторитетной/нормативной записи z01700
Начальный элемент ввода Bugoslavskij
Часть имени, кроме начального элемента ввода S. A.
Даты 1888-1945
Расширение инициалов личного имени Sergej Alekseevič
Код отношения Составитель
Графика поля Латинская
790 #1 - ИМЯ ЛИЦА - АЛЬТЕРНАТИВНАЯ ФОРМА
Системный номер авторитетной/нормативной записи z02701
Начальный элемент ввода Šišov
Часть имени, кроме начального элемента ввода I. P.
Даты 1888-1947
Расширение инициалов личного имени Ivan Petrovič
Код отношения Составитель
Графика поля Латинская
801 #0 - ИСТОЧНИК ЗАПИСИ
Страна российская федерация
Организация NLR
Дата составления 20181119
Правила каталогизации PSBO
801 #1 - ИСТОЧНИК ЗАПИСИ
Страна российская федерация
Организация NLR
Дата составления 20181119
Источник данных rusmarc
801 #2 - ИСТОЧНИК ЗАПИСИ
Страна российская федерация
Организация NLR
Дата составления 20181119
852 ## - МЕСТОНАХОЖДЕНИЕ И ШИФР ХРАНЕНИЯ
Идентификатор организации NLR
Префикс шифра хранения М
Шифр хранения (Call Number) 2/235
Идентификатор единицы 34927
Номер экземпляра 1
856 #0 - МЕСТОНАХОЖДЕНИЕ ЭЛЕКТРОННЫХ РЕСУРОВ И ДОСТУП К НИМ
Универсальный идентификатор ресурса (Uniform Resource Identifier) http://vivaldi.nlr.ru/bn000010786/view
856 #1 - МЕСТОНАХОЖДЕНИЕ ЭЛЕКТРОННЫХ РЕСУРОВ И ДОСТУП К НИМ
Универсальный идентификатор ресурса (Uniform Resource Identifier) http://vivaldi.nlr.ru/bn000010786/cover
856 #2 - МЕСТОНАХОЖДЕНИЕ ЭЛЕКТРОННЫХ РЕСУРОВ И ДОСТУП К НИМ
Универсальный идентификатор ресурса (Uniform Resource Identifier) http://vivaldi.nlr.ru/bn000010786/text
942 ## - ДОПОЛНИТЕЛЬНЫЕ ЭЛЕМЕНТЫ ЗАПИСИ (АБИС)
Тип экземпляра АБИС Ноты
980 ## - КОЛЛЕКЦИЯ
Название коллекции Национальная библиография
980 ## - КОЛЛЕКЦИЯ
Название коллекции Отдел нот и звукозаписей
981 24 - КОЛЛЕКЦИЯ ЭЛЕКТРОННОЙ БИБЛИОТЕКИ
Название коллекции Нотные издания и аудиозаписи
Название подколлекции Фольклор
Экземпляры
Тип экземпляра Дата поступления Библиотека постоянного хранения Библиотека текущего хранения Место хранения Шифр хранения Статус не для выдачи
Ноты 19.11.2018 РНБ (Московский) РНБ (Московский) Фонд нот и звукозаписей 2/235 2/235